[Event "5. Regina Helena Marques Prol"]
[Site "Santos BRA"]
[Date "2007.05.27"]
[Round "11.1"]
[White "Rodrigues, Tiago Pereira"]
[Black "Lima, Diniz Neves"]
[Result "0-1"]
[WhiteElo "2140"]
[BlackElo "2137"]
[PlyCount "102"]
[EventDate "2007.05.19"]
[EventType "tourn"]
[EventRounds "11"]
[EventCountry "BRA"]
[Source "lmi"]
[SourceDate "2007.05.19"]

1. c4 Nf6 2. Nc3 d5 3. d4 g6 4. Nf3 Bg7 5. cxd5 Nxd5 6. e4 Nxc3 7. bxc3 c5 8.
Bc4 O-O 9. O-O Bg4 10. Be3 Nc6 11. d5 Ne5 12. Be2 Nxf3+ 13. gxf3 Bh3 14. Re1
Bxc3 15. Qd3 Bxa1 16. Rxa1 e6 17. f4 exd5 18. Bxc5 Qh4 19. Bxf8 dxe4 20. Qxe4
Rxf8 21. Qxb7 Qxf4 22. Qf3 Qxf3 23. Bxf3 Rd8 24. Rd1 Rxd1+ 25. Bxd1 Kg7 26. f3
Kf6 27. Kf2 Ke5 28. Ke3 g5 29. Bc2 Bf5 30. Ba4 Be6 31. a3 Bd5 32. Bc2 h6 33.
Bd3 f5 34. Be2 Bc6 35. Bd1 Bb5 36. Bb3 f4+ 37. Kd2 Kd4 38. Be6 Bc6 39. Bg4 a6
40. Bh5 a5 41. Bg4 Bd5 42. Bh5 Kc4 43. Kc2 Be6 44. Bg6 Kd4 45. Kd2 g4 46. fxg4
Bxg4 47. Be8 Bf3 48. Bb5 Bd5 49. Be2 f3 50. Bd1 f2 51. Ke2 Bf3+ 0-1

[Event "5. Regina Helena Marques Prol"]
[Site "Santos BRA"]
[Date "2007.05.27"]
[Round "11.2"]
[White "Molina, Roberto Junio Brito"]
[Black "Tsuboi, Edson Kenji"]
[Result "1/2-1/2"]
[WhiteElo "2353"]
[BlackElo "2356"]
[PlyCount "36"]
[EventDate "2007.05.19"]
[EventType "tourn"]
[EventRounds "11"]
[EventCountry "BRA"]
[Source "lmi"]
[SourceDate "2007.05.19"]

1. c4 Nf6 2. Nf3 g6 3. e3 Bg7 4. Be2 O-O 5. O-O d5 6. d4 dxc4 7. Bxc4 Bg4 8.
Nc3 c6 9. h3 Bxf3 10. Qxf3 Nbd7 11. Rd1 e5 12. dxe5 Nxe5 13. Qe2 Qe7 14. Bd2
Rad8 15. Be1 Nxc4 16. Qxc4 Rxd1 17. Rxd1 Rd8 18. Rxd8+ Qxd8 1/2-1/2

[Event "5. Regina Helena Marques Prol"]
[Site "Santos BRA"]
[Date "2007.05.27"]
[Round "11.4"]
[White "Viana Da Costa, Fernando"]
[Black "Diaz, Nahuel"]
[Result "0-1"]
[WhiteElo "2288"]
[BlackElo "2414"]
[PlyCount "54"]
[EventDate "2007.05.19"]
[EventType "tourn"]
[EventRounds "11"]
[EventCountry "BRA"]
[Source "lmi"]
[SourceDate "2007.05.19"]

1. c4 e5 2. g3 g6 3. Bg2 Bg7 4. Nc3 d6 5. d3 Nh6 6. Nf3 O-O 7. O-O Nc6 8. Rb1
a5 9. a3 f5 10. Bd2 Nf7 11. b4 axb4 12. axb4 Nd4 13. b5 Ne6 14. Nd5 g5 15. Bc3
f4 16. Ra1 Rxa1 17. Qxa1 g4 18. Nd2 Nfg5 19. f3 c6 20. bxc6 bxc6 21. Nb4 fxg3
22. hxg3 Qb6+ 23. Kh2 Rf6 24. Bh1 Qe3 25. Qe1 Rh6+ 26. Kg2 gxf3+ 27. exf3 Nf4+
0-1

[Event "5. Regina Helena Marques Prol"]
[Site "Santos BRA"]
[Date "2007.05.27"]
[Round "11.6"]
[White "Hungaski, Robert Andrew"]
[Black "Marra, Eduardo da Costa"]
[Result "1-0"]
[WhiteElo "2379"]
[BlackElo "2290"]
[PlyCount "145"]
[EventDate "2007.05.19"]
[EventType "tourn"]
[EventRounds "11"]
[EventCountry "BRA"]
[Source "lmi"]
[SourceDate "2007.05.19"]

1. e4 c5 2. Nf3 d6 3. d4 cxd4 4. Nxd4 Nf6 5. f3 Nc6 6. c4 Nxd4 7. Qxd4 g6 8.
Nc3 Bg7 9. Be3 O-O 10. Qd2 Be6 11. Nd5 Bxd5 12. exd5 Qd7 13. Bd3 e6 14. dxe6
Qxe6 15. O-O d5 16. Rac1 Rad8 17. Qf2 Qa6 18. b3 b6 19. Rfd1 dxc4 20. Bxc4 Qa5
21. Kh1 Qh5 22. Bd4 Rd6 23. Qc2 Rfd8 24. Bg1 Bf8 25. Rxd6 Rxd6 26. a4 Qg5 27.
Rd1 Nh5 28. g3 Qe5 29. Bf2 Rxd1+ 30. Qxd1 Bd6 31. Qd3 Ng7 32. f4 Qe7 33. Bd5
Nf5 34. Be4 Bc5 35. Bxc5 Qxc5 36. Bxf5 gxf5 37. Kg2 Qc6+ 38. Qf3 Qc2+ 39. Kh3
Qe4 40. Qc3 Qe6 41. b4 Qg6 42. Qd3 Qh6+ 43. Kg2 Qc6+ 44. Kh3 Qh6+ 45. Kg2 Qc6+
46. Kh3 Qxa4 47. Qd8+ Kg7 48. Qd4+ f6 49. Qd8 Qxb4 50. Qd7+ Kg8 51. Qxa7 Qb5
52. Qe7 Qc6 53. Kh4 Qf3 54. Qe8+ Kg7 55. Qe7+ Kg8 56. h3 Qb3 57. Qxf6 Qb5 58.
Kg5 Qc5 59. Qe6+ Kg7 60. Qf6+ Kg8 61. Qxf5 Qe7+ 62. Qf6 Qb7 63. Kh6 Qd7 64. g4
b5 65. Qg5+ Kh8 66. Qe5+ Kg8 67. Qb8+ Kf7 68. f5 Qd2+ 69. g5 Qe3 70. Qc7+ Ke8
71. f6 b4 72. h4 b3 73. Kg7 1-0

[Event "5. Regina Helena Marques Prol"]
[Site "Santos BRA"]
[Date "2007.05.27"]
[Round "11.6"]
[White "Limberg, Estacio Vermelho"]
[Black "Larrea, Manuel"]
[Result "1/2-1/2"]
[WhiteElo "2255"]
[BlackElo "2317"]
[PlyCount "26"]
[EventDate "2007.05.19"]
[EventType "tourn"]
[EventRounds "11"]
[EventCountry "BRA"]
[Source "lmi"]
[SourceDate "2007.05.19"]

1. d4 Nf6 2. c4 g6 3. Nc3 Bg7 4. e4 d6 5. Nge2 O-O 6. Ng3 c5 7. d5 Na6 8. h4 h5
9. Be2 Nc7 10. Bg5 a6 11. a4 Rb8 12. a5 b5 13. axb6 Rxb6 1/2-1/2